[Event "Moscow Aeroflot op"]
[Site "Moscow"]
[Date "2005.02.15"]
[Round "1"]
[White "Areshchenko, Alexander"]
[Black "Tregubov, Pavel V"]
[Result "1-0"]
[WhiteElo "2570"]
[BlackElo "2629"]
[PlyCount "105"]
[EventDate "2005.02.15"]
[EventType "swiss"]
[EventRounds "9"]
[EventCountry "RUS"]
[Source "ChessBase"]
[SourceDate "2005.06.06"]

1. e4 c5 2. Nf3 Nc6 3. d4 cxd4 4. Nxd4 e5 5. Nb5 d6 6. N1c3 a6 7. Na3 b5 8. Nd5
Nf6 9. c4 b4 10. Nxf6+ Qxf6 11. Nc2 Bb7 12. g3 Be7 13. Bg2 Bd8 14. O-O Bb6 15.
Nxb4 Nxb4 16. Qb3 a5 17. a3 Bc5 18. axb4 axb4 19. Rxa8+ Bxa8 20. Qa4+ Ke7 21.
Be3 Rc8 22. Bxc5 dxc5 23. Qa7+ Kf8 24. Rd1 g6 25. Bh3 Qf3 26. Re1 Bxe4 27. Rxe4
Qxe4 28. Bxc8 Qe1+ 29. Kg2 Qe4+ 30. Kh3 Qxc4 31. Ba6 Qd4 32. Kg2 Qe4+ 33. Kg1
Qb1+ 34. Bf1 Qxb2 35. Qxc5+ Kg7 36. Qd5 Qd4 37. Qxd4 exd4 38. Bc4 Kf6 39. Kf1
Ke5 40. Ke2 f5 41. f4+ Ke4 42. Ba6 d3+ 43. Bxd3+ Kd4 44. Kd2 b3 45. Bb1 Kc4 46.
h3 Kd4 47. g4 fxg4 48. hxg4 b2 49. Ke2 Kd5 50. Ke3 Ke6 51. f5+ Kf6 52. fxg6
hxg6 53. Kf4 1-0

[Event "SCG-ch 1st"]
[Site "Kopaonik"]
[Date "2005.04.14"]
[Round "12"]
[White "Vuckovic, Bojan"]
[Black "Kovacevic, Aleksandar"]
[Result "1/2-1/2"]
[WhiteElo "2529"]
[BlackElo "2550"]
[PlyCount "66"]
[EventDate "2005.04.02"]
[EventType "tourn"]
[EventRounds "13"]
[EventCountry "YUG"]
[EventCategory "11"]
[Source "ChessBase"]
[SourceDate "2005.05.28"]

1. e4 c5 2. Nf3 Nc6 3. d4 cxd4 4. Nxd4 e5 5. Nb5 d6 6. N1c3 a6 7. Na3 Be7 8.
Be3 b5 9. Nd5 Rb8 10. c4 b4 11. Nc2 Nf6 12. Bd3 O-O 13. O-O Nd7 14. a3 a5 15.
axb4 axb4 16. Ra4 Nc5 17. Ncxb4 Bd7 18. Nxc6 Bxc6 19. Ra7 Bxd5 20. cxd5 Rxb2
21. Bxc5 dxc5 22. Qa1 Rd2 23. Qxe5 Bf6 24. Qg3 Qb8 25. Qxb8 Rxb8 26. Ra3 g6 27.
g3 Rb4 28. Re1 Bb2 29. Ra8+ Kg7 30. e5 Bd4 31. Re2 Rxe2 32. Bxe2 Bxe5 33. Rc8
Bd6 1/2-1/2

[Event "Metz op"]
[Site "Metz"]
[Date "2005.04.20"]
[Round "5"]
[White "Cheparinov, Ivan"]
[Black "Spraggett, Kevin"]
[Result "1-0"]
[WhiteElo "2621"]
[BlackElo "2585"]
[PlyCount "109"]
[EventDate "2005.04.16"]
[EventType "swiss"]
[EventRounds "9"]
[EventCountry "FRA"]
[Source "ChessBase"]
[SourceDate "2005.05.10"]

1. e4 c5 2. Nf3 Nc6 3. d4 cxd4 4. Nxd4 e5 5. Nb5 d6 6. N1c3 a6 7. Na3 Be7 8.
Nc4 b5 9. Ne3 Nf6 10. g3 h5 11. Bg2 h4 12. O-O Nd4 13. Ncd5 Nxd5 14. Nxd5 Be6
15. c3 Bxd5 16. exd5 Nf5 17. Qd3 g6 18. a4 Rb8 19. axb5 axb5 20. g4 Ng7 21. f4
exf4 22. Bxf4 O-O 23. Be3 Bf6 24. Rxf6 Qxf6 25. Qd2 g5 26. Bxg5 Qg6 27. Bxh4 b4
28. h3 bxc3 29. bxc3 Rb1+ 30. Rxb1 Qxb1+ 31. Kh2 Qg6 32. Qf4 Re8 33. Bf6 Re2
34. Qf3 Qc2 35. Bd4 Rd2 36. h4 f5 37. h5 Rd3 38. Qf4 Rd2 39. Qf3 Rd3 40. Qf4
Rd2 41. Qg3 fxg4 42. Qxg4 Qh7 43. Qc8+ Kf7 44. Qd7+ Kg8 45. Qd8+ Kf7 46. Qf6+
Kg8 47. h6 Rxd4 48. cxd4 Nf5 49. Qd8+ Kf7 50. Qd7+ Ne7 51. Qe6+ Kf8 52. Qxd6
Qf5 53. Qe5 Qf2 54. d6 Nf5 55. d7 1-0

[Event "ARM-ch"]
[Site "Yerevan"]
[Date "2005.05.06"]
[Round "7"]
[White "Asrian, Karen"]
[Black "Nalbandian, Tigran"]
[Result "1-0"]
[WhiteElo "2611"]
[BlackElo "2508"]
[PlyCount "63"]
[EventDate "2005.04.29"]
[EventType "tourn"]
[EventRounds "11"]
[EventCountry "ARM"]
[EventCategory "11"]
[Source "ChessBase"]
[SourceDate "2005.05.28"]

1. e4 c5 2. Nf3 Nc6 3. d4 cxd4 4. Nxd4 e5 5. Nb5 d6 6. c4 Be7 7. N1c3 a6 8. Na3
f5 9. exf5 Bxf5 10. Bd3 Be6 11. O-O Nf6 12. Nc2 O-O 13. Nd5 Kh8 14. Nce3 Nd4
15. b3 Rc8 16. Bb2 Nxd5 17. Nxd5 Bxd5 18. cxd5 Rf4 19. Rc1 g6 20. g3 Nf3+ 21.
Kg2 Qd7 22. Rxc8+ Qxc8 23. Be2 Rd4 24. Bxd4 Nxd4 25. Bd3 Qc3 26. Be4 Kg7 27.
Qc1 Ne2 28. Qc2 Qxc2 29. Bxc2 Nc3 30. a4 a5 31. Bd3 e4 32. Bxe4 1-0

[Event "EU-ch 6th"]
[Site "Warsaw"]
[Date "2005.06.25"]
[Round "7"]
[White "Postny, Evgeny"]
[Black "Tregubov, Pavel V"]
[Result "1-0"]
[WhiteElo "2556"]
[BlackElo "2612"]
[PlyCount "59"]
[EventDate "2005.06.18"]
[EventType "swiss"]
[EventRounds "13"]
[EventCountry "POL"]
[Source "ChessBase"]
[SourceDate "2005.07.12"]

1. e4 c5 2. Nf3 Nc6 3. d4 cxd4 4. Nxd4 e5 5. Nb5 d6 6. c4 Be7 7. N1c3 a6 8. Na3
f5 9. exf5 Bxf5 10. Bd3 Be6 11. O-O Nf6 12. Nc2 O-O 13. Nd5 Rc8 14. b3 Kh8 15.
Nce3 Qe8 16. Bb2 Bd8 17. Rc1 Qd7 18. Kh1 Ne7 19. Nxf6 Rxf6 20. f4 Rxf4 21. Rxf4
exf4 22. Qh5 Bg8 23. Qh6 Nc6 24. Bf5 Qf7 25. Bxc8 Ne5 26. Qxd6 Bc7 27. Be6 Bxd6
28. Bxf7 fxe3 29. Bxe5 Bxe5 30. Bxg8 1-0

[Event "EU-ch 6th"]
[Site "Warsaw"]
[Date "2005.06.30"]
[Round "12"]
[White "Areshchenko, Alexander"]
[Black "Moiseenko, Alexander"]
[Result "0-1"]
[WhiteElo "2595"]
[BlackElo "2665"]
[PlyCount "98"]
[EventDate "2005.06.18"]
[EventType "swiss"]
[EventRounds "13"]
[EventCountry "POL"]
[Source "ChessBase"]
[SourceDate "2005.07.12"]

1. e4 c5 2. Nf3 Nc6 3. d4 cxd4 4. Nxd4 e5 5. Nb5 d6 6. N1c3 Nf6 7. Bg5 a6 8.
Na3 b5 9. Bxf6 gxf6 10. Nd5 f5 11. Bd3 Be6 12. Qh5 Rg8 13. g3 h6 14. c3 Bxd5
15. exd5 Ne7 16. Nc2 e4 17. Be2 Rg5 18. Qh3 Bg7 19. f4 exf3 20. Bxf3 Qb6 21.
Qf1 Kf8 22. O-O-O a5 23. Kb1 Ng6 24. Be2 b4 25. cxb4 axb4 26. Bc4 f4 27. gxf4
Rf5 28. Bb3 Rxf4 29. Qg1 Qd8 30. Rd2 Qf6 31. Ne3 Ne5 32. Qc1 Re8 33. Ba4 Rd8
34. Rf1 h5 35. Rc2 Nd3 36. Rxf4 Qxf4 37. Qd2 Nc5 38. Bb5 b3 39. axb3 Nxb3 40.
Qf2 Qe4 41. Bc6 Bd4 42. Ka2 Bxe3 43. Qf6 Qxc2 44. Qxd8+ Kg7 45. Qxd6 Nc1+ 46.
Ka1 Nd3 47. Qg3+ Kh7 48. Qb8 Bd4 49. Ka2 Nc1+ 0-1

[Event "EU-ch 6th playoff"]
[Site "Warsaw"]
[Date "2005.07.02"]
[Round "2.1"]
[White "Asrian, Karen"]
[Black "Moiseenko, Alexander"]
[Result "1-0"]
[WhiteElo "2611"]
[BlackElo "2665"]
[PlyCount "171"]
[EventDate "2005.07.02"]
[EventType "k.o. (rapid)"]
[EventRounds "3"]
[EventCountry "POL"]
[Source "ChessBase"]
[SourceDate "2005.07.12"]

1. e4 c5 2. Nf3 Nc6 3. d4 cxd4 4. Nxd4 e5 5. Nb5 d6 6. c4 Be7 7. N1c3 a6 8. Na3
Be6 9. Bd3 Bg5 10. O-O Bxc1 11. Rxc1 Nf6 12. Nc2 O-O 13. Qd2 Rc8 14. b3 Qb6 15.
Kh1 Qa7 16. Nd5 Nd7 17. Nce3 Kh8 18. Bb1 Nd4 19. f4 b5 20. Ne7 Rce8 21. N7f5
Bxf5 22. Nxf5 Nxf5 23. exf5 bxc4 24. fxe5 Nxe5 25. f6 g6 26. h3 cxb3 27. axb3
Rg8 28. Qh6 Nd7 29. Qh4 Re2 30. Bd3 Re5 31. Rce1 Qb6 32. Bc4 Rxe1 33. Rxe1 d5
34. Bxd5 Qxf6 35. Qxf6+ Nxf6 36. Bxf7 Rb8 37. Bc4 Nd7 38. Bxa6 Nc5 39. Bc4 Kg7
40. Re3 Kf6 41. Kg1 Rb6 42. Kf2 Nd7 43. Rf3+ Kg5 44. Re3 Kf6 45. Ke1 Ne5 46.
Be2 h5 47. Kd2 h4 48. Kc3 Kf5 49. Bd3+ Kf6 50. Be4 g5 51. Re2 g4 52. Rf2+ Ke7
53. hxg4 Nxg4 54. Rf4 Nf6 55. Rxh4 Re6 56. Bf3 Re3+ 57. Kc4 Re1 58. b4 Rc1+ 59.
Kb5 Nd7 60. Rh7+ Kd6 61. Rh6+ Ke7 62. Rh4 Ne5 63. Rd4 Nf7 64. Kb6 Nd6 65. Bg4
Nc4+ 66. Kb5 Nd6+ 67. Kb6 Nc4+ 68. Kb5 Nd6+ 69. Ka4 Ra1+ 70. Kb3 Rb1+ 71. Kc2
Ra1 72. Bf3 Nb5 73. Rd5 Nd6 74. Rh5 Ra3 75. b5 Nc4 76. Rc5 Nd6 77. b6 Ra2+ 78.
Kc3 Ra3+ 79. Kb4 Ra1 80. Rc3 Kd7 81. Bc6+ Kd8 82. Kc5 Nf5 83. Rd3+ Ke7 84. b7
Rc1+ 85. Kb6 Nd6 86. Rxd6 1-0

[Event "Montreal 6th"]
[Site "Montreal"]
[Date "2005.08.12"]
[Round "9"]
[White "Bluvshtein, Mark"]
[Black "Nataf, Igor Alexandre"]
[Result "1/2-1/2"]
[WhiteElo "2525"]
[BlackElo "2583"]
[PlyCount "135"]
[EventDate "2005.08.03"]
[EventType "tourn"]
[EventRounds "11"]
[EventCountry "CAN"]
[EventCategory "12"]
[Source "ChessBase"]
[SourceDate "2005.09.06"]

1. e4 c5 2. Nf3 Nc6 3. d4 cxd4 4. Nxd4 e5 5. Nb5 d6 6. c4 Be7 7. N1c3 a6 8. Na3
f5 9. exf5 Bxf5 10. Nc2 Nf6 11. Ne3 Be6 12. Bd3 O-O 13. O-O Qd7 14. Ned5 Rae8
15. Be3 Bd8 16. Qc2 Kh8 17. Nxf6 gxf6 18. Qd2 Rg8 19. Rfd1 Bh3 20. g3 f5 21. f4
exf4 22. Bxf4 Nd4 23. Rf1 Bb6 24. Kh1 Ba5 25. Qf2 Bxc3 26. bxc3 Qc6+ 27. Kg1
Ne6 28. Bh6 Rg6 29. Be3 Rf8 30. Rfe1 Kg8 31. Re2 f4 32. Bxg6 fxe3 33. Bxh7+
Kxh7 34. Qxe3 Qxc4 35. Rae1 Kg7 36. a3 Rf5 37. Rf2 Re5 38. Qd2 Rxe1+ 39. Qxe1
Qc5 40. g4 Bxg4 41. Qe4 Bh3 42. Qxb7+ Kh6 43. Qe7 Ng5 44. Qf6+ Kh5 45. Qd4 Qc8
46. Rf4 Bg4 47. Kg2 Qe8 48. h4 Qe2+ 49. Rf2 Bh3+ 50. Kh1 Qe4+ 51. Qxe4 Nxe4 52.
Rf4 Be6 53. Kh2 Nxc3 54. Rf6 Bc4 55. Rxd6 Bb5 56. Rd4 Kg6 57. a4 Nxa4 58. Rxa4
Bxa4 59. Kg3 Bb3 60. Kf3 a5 61. Ke3 a4 62. Kd2 a3 63. Kc1 Ba2 64. Kc2 Kh5 65.
Kc3 Be6 66. Kc2 Bf5+ 67. Kb3 Kxh4 68. Kxa3 1/2-1/2

[Event "CRO-chT"]
[Site "Sibenik"]
[Date "2005.10.02"]
[Round "2.4"]
[White "Palac, Mladen"]
[Black "Fedorov, Alexei"]
[Result "1/2-1/2"]
[WhiteElo "2571"]
[BlackElo "2616"]
[PlyCount "27"]
[EventDate "2005.10.01"]
[EventType "team"]
[EventRounds "11"]
[EventCountry "CRO"]
[Source "ChessBase"]
[SourceDate "2005.11.04"]

1. e4 c5 2. Nf3 Nc6 3. d4 cxd4 4. Nxd4 e5 5. Nb5 d6 6. c4 Be7 7. N1c3 a6 8. Na3
f5 9. exf5 Bxf5 10. Bd3 Be6 11. Nc2 Nf6 12. O-O O-O 13. Nd5 Rc8 14. b3 1/2-1/2

[Event "SLO-chT1"]
[Site "Bled"]
[Date "2005.12.02"]
[Round "9"]
[White "Palac, Mladen"]
[Black "Sveshnikov, Evgeny"]
[Result "1-0"]
[WhiteElo "2571"]
[BlackElo "2507"]
[PlyCount "105"]
[EventDate "2005.11.26"]
[EventType "team"]
[EventRounds "9"]
[EventCountry "SLO"]
[Source "ChessBase"]
[SourceDate "2006.01.03"]

1. e4 c5 2. Nf3 Nc6 3. d4 cxd4 4. Nxd4 e5 5. Nb5 d6 6. N1c3 a6 7. Na3 Be6 8.
Nc4 Rc8 9. Be3 Nd4 10. Bxd4 Bxc4 11. Bxc4 Rxc4 12. Be3 Nf6 13. Bg5 Qa5 14. Bxf6
Rxe4+ 15. Kf1 Rd4 16. Qf3 gxf6 17. Qxb7 Bh6 18. Qc8+ Qd8 19. Qc6+ Qd7 20. Qa8+
Qd8 21. Qc6+ Qd7 22. Qa8+ Qd8 23. Qf3 f5 24. g3 Qc8 25. Kg2 e4 26. Qh5 Bd2 27.
Ne2 Rd5 28. Rhd1 Qc5 29. c4 Rd3 30. Nc1 Bxc1 31. Rxd3 exd3 32. Rxc1 O-O 33.
Qg5+ Kh8 34. Qf6+ Kg8 35. Qg5+ Kh8 36. Qf6+ Kg8 37. Qc3 Qc6+ 38. f3 Qb6 39. Re1
d5 40. c5 Qb5 41. Re3 Rd8 42. Rxd3 d4 43. Qd2 Re8 44. Kh3 Qxc5 45. Rxd4 Re6 46.
b3 Qb5 47. Rd8+ Kg7 48. Qd4+ Kh6 49. Qh4+ Kg7 50. Qd4+ Kh6 51. Rg8 Qf1+ 52. Kh4
Re1 53. Qg7# 1-0

[Event "Elgoibar"]
[Site "Elgoibar"]
[Date "2005.12.17"]
[Round "9"]
[White "Korneev, Oleg"]
[Black "Maze, Sebastien"]
[Result "1-0"]
[WhiteElo "2601"]
[BlackElo "2506"]
[PlyCount "45"]
[EventDate "2005.12.09"]
[EventType "tourn"]
[EventRounds "9"]
[EventCountry "ESP"]
[EventCategory "10"]
[Source "ChessBase"]
[SourceDate "2006.01.03"]

1. e4 c5 2. Nf3 Nc6 3. d4 cxd4 4. Nxd4 e5 5. Nb5 d6 6. N1c3 a6 7. Na3 Be7 8.
Nc4 Nf6 9. Bg5 O-O 10. Bxf6 Bxf6 11. Qxd6 Nd4 12. Bd3 Bd7 13. Nd5 Bb5 14. Qxd8
Rfxd8 15. O-O-O Rxd5 16. exd5 e4 17. Bf1 Bxc4 18. Bxc4 Nb5 19. Bb3 a5 20. d6 a4
21. Bd5 Rc8 22. Kb1 a3 23. c3 1-0

[Event "Stepanakert-B"]
[Site "Stepanakert"]
[Date "2005.10.03"]
[Round "2"]
[White "Lahno, Katerina"]
[Black "Sveshnikov, Evgeny"]
[Result "0-1"]
[WhiteElo "2509"]
[BlackElo "2507"]
[PlyCount "68"]
[EventDate "2005.10.02"]
[EventType "tourn"]
[EventRounds "9"]
[EventCountry "ARM"]
[EventCategory "11"]
[Source "ChessBase"]
[SourceDate "2006.01.31"]

1. e4 c5 2. Nf3 Nc6 3. d4 cxd4 4. Nxd4 e5 5. Nb5 d6 6. N1c3 a6 7. Na3 Be6 8.
Nc4 Rc8 9. Ne3 Be7 10. g3 h5 11. Bg2 h4 12. O-O Nf6 13. Ncd5 h3 14. Bh1 g6 15.
Nxe7 Nxe7 16. b3 Qb6 17. c4 Nc6 18. Nd5 Bxd5 19. exd5 Ne7 20. Be3 Qc7 21. f4
Nf5 22. Bf2 Nd7 23. g4 Nh6 24. Qf3 f5 25. Qxh3 Kf7 26. fxe5 Nxe5 27. gxf5 Nxf5
28. Qc3 Kg8 29. Bg2 Qg7 30. Qd2 Rh5 31. Bg3 Nxg3 32. hxg3 b5 33. cxb5 axb5 34.
Rac1 Qa7+ 0-1

[Event "Stepanakert-B"]
[Site "Stepanakert"]
[Date "2005.10.11"]
[Round "9"]
[White "L'Ami, Erwin"]
[Black "Sveshnikov, Evgeny"]
[Result "1-0"]
[WhiteElo "2541"]
[BlackElo "2507"]
[PlyCount "115"]
[EventDate "2005.10.02"]
[EventType "tourn"]
[EventRounds "9"]
[EventCountry "ARM"]
[EventCategory "11"]
[Source "ChessBase"]
[SourceDate "2006.01.31"]

1. e4 c5 2. Nf3 Nc6 3. d4 cxd4 4. Nxd4 e5 5. Nb5 d6 6. N1c3 a6 7. Na3 b5 8. Nd5
Nf6 9. Bg5 Be7 10. Bxf6 Bxf6 11. c3 O-O 12. Nc2 Rb8 13. g3 a5 14. Bg2 Bg5 15.
O-O Ne7 16. Nce3 Bxe3 17. Nxe3 Be6 18. Qd3 Qb6 19. Rfd1 Rfd8 20. Rd2 b4 21. c4
Nc6 22. Rc1 a4 23. h4 Na5 24. h5 Nb7 25. h6 Nc5 26. Qe2 Qc7 27. hxg7 Kxg7 28.
Rcd1 Qe7 29. Qh5 Rb6 30. Bh3 h6 31. Bf5 Qg5 32. Qf3 Nb7 33. Kg2 Rh8 34. Rh1 h5
35. Rh4 Rc6 36. Rd1 Bxc4 37. Rdh1 Kf8 38. Rxh5 Rxh5 39. Rxh5 Qf6 40. Ng4 Qg7
41. Qe3 Be6 42. Rh7 Qxh7 43. Bxh7 Bxg4 44. Bf5 Bxf5 45. exf5 Nc5 46. Qh6+ Ke7
47. Qh4+ Kd7 48. Qf6 Ke8 49. Qh8+ Ke7 50. f6+ Kd7 51. Qf8 Ke6 52. Qe8+ Kd5 53.
Qxf7+ Ne6 54. Qg8 Rc2 55. f7 Kd4 56. Qg4+ Kd5 57. Qf3+ Kc5 58. Qe3+ 1-0

[Event "New Delhi op 4th"]
[Site "New Delhi"]
[Date "2006.01.19"]
[Round "7"]
[White "Ganguly, Surya Shekhar"]
[Black "Fedorov, Alexei"]
[Result "1/2-1/2"]
[WhiteElo "2579"]
[BlackElo "2608"]
[PlyCount "76"]
[EventDate "2006.01.15"]
[EventType "swiss"]
[EventRounds "10"]
[EventCountry "IND"]
[Source "ChessBase"]
[SourceDate "2006.03.10"]

1. e4 c5 2. Nf3 Nc6 3. d4 cxd4 4. Nxd4 e5 5. Nb5 d6 6. N1c3 a6 7. Na3 Be7 8.
Nc4 b5 9. Ne3 Nf6 10. g3 O-O 11. Bg2 b4 12. Ncd5 Nxd5 13. Nxd5 Bg5 14. Ne3 Be6
15. O-O Rc8 16. a3 a5 17. axb4 axb4 18. f4 exf4 19. gxf4 Bf6 20. f5 Bd7 21.
Qxd6 Be5 22. Qd1 Qh4 23. Ng4 Bb8 24. Bf4 Rfd8 25. Bxb8 Bxf5 26. Bg3 Qxg4 27.
Qe1 Bg6 28. c3 bxc3 29. bxc3 Re8 30. Rd1 Qe6 31. Rd6 Qc4 32. Qf2 Ne5 33. Qd4
Qxd4+ 34. Rxd4 f6 35. Rc1 Re7 36. Be1 Rce8 37. Bg3 Rc8 38. Be1 Rce8 1/2-1/2

[Event "Bundesliga 0506"]
[Site "Germany"]
[Date "2005.12.11"]
[Round "6.1"]
[White "Kasimdzhanov, Rustam"]
[Black "Nataf, Igor Alexandre"]
[Result "1/2-1/2"]
[WhiteElo "2670"]
[BlackElo "2564"]
[PlyCount "55"]
[EventDate "2005.10.21"]
[EventType "team"]
[EventRounds "15"]
[EventCountry "GER"]
[Source "ChessBase"]
[SourceDate "2006.04.04"]
[WhiteTeam "Godesberg"]
[BlackTeam "Neukoelln"]
[WhiteTeamCountry "GER"]
[BlackTeamCountry "GER"]

1. e4 c5 2. Nf3 Nc6 3. d4 cxd4 4. Nxd4 e5 5. Nb5 d6 6. c4 Be7 7. N1c3 a6 8. Na3
f5 9. exf5 Bxf5 10. Bd3 Be6 11. O-O Nf6 12. Nc2 O-O 13. Nd5 b5 14. b3 Kh8 15.
Nce3 bxc4 16. Bxc4 Na5 17. Be2 Nc6 18. Bb2 Nxd5 19. Nxd5 Bg5 20. Bf3 Rc8 21.
Bg4 Bxg4 22. Qxg4 Ne7 23. Nc3 Bf6 24. Ne4 d5 25. Nxf6 gxf6 26. Rac1 Qd6 27. Qa4
Qe6 28. Ba3 1/2-1/2

[Event "Bundesliga 0506"]
[Site "Germany"]
[Date "2005.12.11"]
[Round "6.5"]
[White "Naumann, Alexander"]
[Black "Boensch, Uwe"]
[Result "1-0"]
[WhiteElo "2534"]
[BlackElo "2547"]
[PlyCount "55"]
[EventDate "2005.10.21"]
[EventType "team"]
[EventRounds "15"]
[EventCountry "GER"]
[Source "ChessBase"]
[SourceDate "2006.04.04"]
[WhiteTeam "Solingen"]
[BlackTeam "Tegernsee"]
[WhiteTeamCountry "GER"]
[BlackTeamCountry "GER"]

1. e4 c5 2. Nf3 Nc6 3. d4 cxd4 4. Nxd4 e5 5. Nb5 d6 6. N1c3 a6 7. Na3 b5 8. Nd5
Nce7 9. c4 Nxd5 10. exd5 bxc4 11. Nxc4 Be7 12. Be3 Rb8 13. a4 Nf6 14. Be2 Bb7
15. Nb6 Nd7 16. a5 Nxb6 17. Bxb6 Qd7 18. O-O O-O 19. b4 Rbc8 20. Rb1 Rc3 21.
Qd2 Rfc8 22. b5 axb5 23. Bxb5 Qf5 24. Bc6 R8xc6 25. dxc6 Rxc6 26. Bd8 Rc2 27.
Qd1 Bxd8 28. Rxb7 1-0

[Event "RUS-chT 13th"]
[Site "Sochi"]
[Date "2006.04.23"]
[Round "4"]
[White "Alekseev, Evgeny"]
[Black "Radjabov, Teimour"]
[Result "1/2-1/2"]
[WhiteElo "2640"]
[BlackElo "2717"]
[PlyCount "89"]
[EventDate "2006.04.20"]
[EventType "team"]
[EventRounds "11"]
[EventCountry "RUS"]
[Source "ChessBase"]
[SourceDate "2006.05.09"]

1. e4 c5 2. Nf3 Nc6 3. d4 cxd4 4. Nxd4 e5 5. Nb5 d6 6. c4 Be7 7. N1c3 a6 8. Na3
f5 9. exf5 Bxf5 10. Bd3 Be6 11. O-O Nf6 12. Nc2 O-O 13. b3 b5 14. Nd5 Rc8 15.
Bb2 Nxd5 16. cxd5 Bxd5 17. Bxh7+ Kxh7 18. Qxd5 Qe8 19. Rad1 Qg6 20. Rd3 Rf4 21.
Rc3 Na7 22. Rxc8 Nxc8 23. Ne3 Bg5 24. Rd1 Re4 25. Bc1 Rh4 26. g3 Rh6 27. Qf3
Ne7 28. Ng4 Rh5 29. Ba3 e4 30. Qe2 Bf4 31. gxf4 Nd5 32. Rxd5 Rxd5 33. h3 Rd3
34. Kg2 d5 35. Be7 Rf3 36. Bh4 Rxf4 37. Qd2 Rf5 38. Bg3 Rh5 39. Ne3 Qf7 40. Qd1
Rg5 41. h4 Rh5 42. Qg4 Qg6 43. Qd7 Qf6 44. Qg4 Qg6 45. Qd7 1/2-1/2

[Event "La Roche sur Yon"]
[Site "La Roche sur Yon"]
[Date "2006.03.17"]
[Round "3"]
[White "Bauer, Christian"]
[Black "Maze, Sebastien"]
[Result "1-0"]
[WhiteElo "2627"]
[BlackElo "2518"]
[PlyCount "77"]
[EventDate "2006.03.15"]
[EventType "tourn"]
[EventRounds "9"]
[EventCountry "FRA"]
[EventCategory "12"]
[Source "ChessBase"]
[SourceDate "2006.06.07"]

1. e4 c5 2. Nf3 Nc6 3. d4 cxd4 4. Nxd4 e5 5. Nb5 d6 6. N1c3 Nf6 7. Bg5 a6 8.
Na3 b5 9. Bxf6 gxf6 10. Nd5 f5 11. c3 Bg7 12. Bd3 Be6 13. Qh5 f4 14. g3 Ne7 15.
Nxe7 Qxe7 16. Nc2 Rc8 17. a4 O-O 18. axb5 axb5 19. O-O Bc4 20. Nb4 Qe6 21. Rfd1
Ra8 22. Rxa8 Rxa8 23. Nd5 Bxd3 24. Rxd3 Ra2 25. b4 Kh8 26. Kg2 h6 27. h3 Ra1
28. Rd1 Ra2 29. Rd3 Ra1 30. Qe2 Qg6 31. g4 h5 32. Ne7 Qg5 33. Nf5 f3+ 34. Qxf3
Qc1 35. Kg3 Bf6 36. h4 hxg4 37. Kxg4 Kh7 38. Rxd6 Qg1+ 39. Ng3 1-0

[Event "NED-ch"]
[Site "Hilversum"]
[Date "2006.06.18"]
[Round "2"]
[White "Smeets, Jan"]
[Black "Van der Wiel, John TH"]
[Result "1/2-1/2"]
[WhiteElo "2535"]
[BlackElo "2511"]
[PlyCount "52"]
[EventDate "2006.06.17"]
[EventType "tourn"]
[EventRounds "11"]
[EventCountry "NED"]
[EventCategory "13"]
[Source "ChessBase"]
[SourceDate "2006.07.31"]

1. e4 c5 2. Nf3 Nc6 3. d4 cxd4 4. Nxd4 e5 5. Nb5 d6 6. N1c3 a6 7. Na3 b5 8. Nd5
Nf6 9. Bg5 Qa5+ 10. Bd2 Qd8 11. c4 Nxe4 12. cxb5 Be6 13. Bc4 Ne7 14. Be3 Rc8
15. Nxe7 Qa5+ 16. Bd2 Nxd2 17. Bxe6 fxe6 18. Nxc8 d5 19. Ke2 Ne4 20. f3 Bxa3
21. Qd3 Bxb2 22. fxe4 Bxa1 23. Rxa1 Qc7 24. exd5 Qxc8 25. d6 Qb7 26. d7+ Ke7
1/2-1/2

[Event "Kiev Independence Cup-A 6th"]
[Site "Kiev"]
[Date "2006.08.19"]
[Round "7"]
[White "Zontakh, Andrey"]
[Black "Vysochin, Spartak"]
[Result "1-0"]
[WhiteElo "2555"]
[BlackElo "2555"]
[PlyCount "78"]
[EventDate "2006.08.13"]
[EventType "swiss"]
[EventRounds "11"]
[EventCountry "UKR"]
[Source "ChessBase"]
[SourceDate "2006.09.14"]

1. e4 c5 2. Nf3 Nc6 3. d4 cxd4 4. Nxd4 e5 5. Nb5 d6 6. N1c3 a6 7. Na3 Be6 8.
Nc4 Rb8 9. a4 Nf6 10. Bg5 Nd4 11. a5 Be7 12. Bxf6 Bxf6 13. Nb6 O-O 14. Ncd5 Bg5
15. c3 Nc6 16. b4 f5 17. Bd3 Ne7 18. Nxe7+ Qxe7 19. exf5 Bxf5 20. Bxf5 Rxf5 21.
O-O e4 22. Qe2 d5 23. Rad1 Rd8 24. Rfe1 h6 25. g3 Qf7 26. c4 Rf8 27. Rf1 dxc4
28. Nxc4 Qe7 29. Nd6 Re5 30. Rd4 Rd8 31. Rfd1 Kh7 32. Kg2 Bf6 33. Nxe4 Rxd4 34.
Rxd4 Re6 35. Qd3 Kg8 36. Nxf6+ Qxf6 37. Rd8+ Kf7 38. Rd7+ Re7 39. Qd5+ Ke8 1-0

[Event "Abu Dhabi op 16th"]
[Site "Abu Dhabi"]
[Date "2006.08.15"]
[Round "4"]
[White "Goloshchapov, Alexander"]
[Black "Fedorov, Alexei"]
[Result "0-1"]
[WhiteElo "2558"]
[BlackElo "2617"]
[PlyCount "86"]
[EventDate "2006.08.12"]
[EventType "swiss"]
[EventRounds "9"]
[EventCountry "UAE"]
[Source "ChessBase"]
[SourceDate "2006.09.14"]

1. e4 c5 2. Nf3 Nc6 3. d4 cxd4 4. Nxd4 e5 5. Nb5 d6 6. c4 Be7 7. Bd3 a6 8. N5c3
Bg5 9. Na3 Bxc1 10. Rxc1 Qg5 11. O-O Nge7 12. Nc2 O-O 13. Re1 Be6 14. Bf1 Rad8
15. b4 f5 16. b5 Nb8 17. exf5 Nxf5 18. Nd5 axb5 19. cxb5 Nd7 20. f4 Qg6 21.
Nce3 Kh8 22. Nxf5 Qxf5 23. g3 Nc5 24. Qd2 Bxd5 25. Qxd5 exf4 26. Qxf5 Rxf5 27.
Rcd1 h6 28. b6 Rg5 29. Kg2 fxg3 30. hxg3 d5 31. Rd4 Ra8 32. a4 Nxa4 33. Kh2
Nxb6 34. Rb1 Nd7 35. Rxb7 Ne5 36. Bg2 Ng4+ 37. Kh3 Nf6 38. Rb3 Rh5+ 39. Rh4
Rxh4+ 40. gxh4 Kg8 41. Rd3 Ra5 42. Kg3 Kf7 43. Bh3 Ra4 0-1

[Event "EU-Cup 22nd"]
[Site "Feugen"]
[Date "2006.10.09"]
[Round "2"]
[White "Smirin, Ilia"]
[Black "Boensch, Uwe"]
[Result "1-0"]
[WhiteElo "2659"]
[BlackElo "2524"]
[PlyCount "149"]
[EventDate "2006.10.08"]
[EventType "team"]
[EventRounds "7"]
[EventCountry "AUT"]
[Source "ChessBase"]
[SourceDate "2006.11.01"]

1. e4 c5 2. Nf3 Nc6 3. d4 cxd4 4. Nxd4 e5 5. Nb5 d6 6. N1c3 a6 7. Na3 Be6 8.
Nc4 Be7 9. Be3 Nf6 10. Nd5 O-O 11. Bb6 Qd7 12. Be3 Rab8 13. Nxe7+ Qxe7 14. Qxd6
Qxd6 15. Nxd6 Nb4 16. O-O-O Nxa2+ 17. Kb1 Nb4 18. Be2 Nc6 19. f3 Rfd8 20. Bb6
Rd7 21. Nc4 Rxd1+ 22. Rxd1 Nd7 23. Be3 Kf8 24. f4 Ke7 25. fxe5 Bxc4 26. Bxc4
Ncxe5 27. Bd5 b5 28. b3 b4 29. Kb2 a5 30. Bd4 Rb5 31. c4 bxc3+ 32. Kxc3 f6 33.
Ra1 Kd6 34. Kc2 Nc6 35. Bc3 Nb4+ 36. Bxb4+ axb4 37. Kd3 Rb6 38. Kd4 g5 39. Ra8
h5 40. g3 Ne5 41. Rd8+ Nd7 42. Rh8 Ra6 43. Rxh5 Ra2 44. Rh6 Rd2+ 45. Ke3 Rc2
46. h4 Ke5 47. hxg5 Rc3+ 48. Kf2 fxg5 49. Rg6 Nc5 50. Rxg5+ Kd4 51. Rg8 Nd3+
52. Kg2 Rc2+ 53. Kh3 Ke3 54. Kg4 Rf2 55. Rb8 Rf3 56. Kh4 Ne5 57. Rxb4 Ng6+ 58.
Kg5 Rxg3+ 59. Kf6 Nf4 60. Rc4 Rg1 61. Ke5 Nd3+ 62. Kd6 Rg6+ 63. Kc7 Ne5 64. Rc1
Kd4 65. b4 Rg7+ 66. Kb6 Nd3 67. Rc4+ Ke5 68. b5 Nb2 69. Rc7 Na4+ 70. Kb7 Rg6
71. Rc4 Rg7+ 72. Ka6 Nb2 73. Rc8 Nd3 74. b6 Nb4+ 75. Kb5 1-0